000 00377nam a2200157Ia 4500
005 20250424120302.0
008 250424s9999 xx 000 0 und d
022 _a21419930
050 _aK 1 .P16/
245 0 _aJournal of private and property law
260 _aBenin
260 _bUniversity of Benin.
260 _c2010
300 _aviii, 341 p. ; 22 cm.
942 _cSR
999 _c38439
_d38439